Prevencia finančných problémov podniku pred úpadkom
Prevencia finančných problémov pomocou predikcie budúcej finančnej situácie podniku a odvrátenie úpadku prostredníctvom reštrukturalizácie.
Saved in:
| Main Author: | |
|---|---|
| Format: | Book Chapter |
| Language: | Slovak |
| Subjects: | |
| Tags: |
No Tags, Be the first to tag this record!
|
MARC
| LEADER | 00000nla a2200000 4500 | ||
|---|---|---|---|
| 001 | 0182225 | ||
| 005 | 20240502073124.0 | ||
| 041 | 0 | |a slo | |
| 044 | |a SK | ||
| 245 | 1 | 0 | |a Prevencia finančných problémov podniku pred úpadkom |c Katarína Fedorková |
| 520 | |a Prevencia finančných problémov pomocou predikcie budúcej finančnej situácie podniku a odvrátenie úpadku prostredníctvom reštrukturalizácie. | ||
| 610 | 2 | 0 | |a úpadok podniku |
| 610 | 2 | 0 | |a reorganizácia |
| 610 | 2 | 0 | |a reštrukturalizácia |
| 610 | 2 | 0 | |a zhodnotenie majetku |
| 610 | 2 | 0 | |a ukazovatele finančné |
| 100 | 1 | |a Fedorková, Katarína | |